|
|
|
|
| LEADER |
00000nas a2200000 a 4500 |
| 001 |
ssj0000394888 |
| 003 |
WaSeSS |
| 005 |
20200512172242.0 |
| 006 |
m d |
| 007 |
cr n |
| 008 |
101005c19999999ck || p|s||||||||||0spa|d |
| 035 |
|
|
|a (WaSeSS)ssj0000394888
|
| 040 |
|
|
|a WaSeSS
|c WaSeSS
|d WaSeSS
|
| 050 |
|
4 |
|a NA5
|
| 245 |
0 |
0 |
|a Revista de arquitectura
|h [electronic resource].
|
| 260 |
|
|
|a Bogotá, Colombia :
|b Universidad Católica de Colombia
|
| 310 |
|
|
|a Annual
|
| 362 |
1 |
|
|a Began in 1999.
|
| 506 |
|
|
|a License restrictions may limit access.
|
| 588 |
|
|
|a Description based on: Vol. 8, no. 1 (2006); title from volume contents page (Redalyc, viewed Oct. 5, 2010).
|
| 588 |
|
|
|a Latest issue consulted: Núm. 14 (2012) (viewed Sept. 13, 2013).
|
| 650 |
|
0 |
|a Architecture
|v Periodicals.
|
| 655 |
|
0 |
|a Electronic journals.
|
| 710 |
2 |
|
|a Universidad Católica de Colombia.
|
| 776 |
0 |
8 |
|i Print version:
|t Revista de arquitectura
|x 1657-0308
|
| 856 |
4 |
0 |
|z Full text available from Research Library: 01/01/2013 to present
|u https://search.proquest.com/publication/2035895
|